Countries that Start with R - Shape Quiz - Statistics

General Stats
  • This quiz has been taken 30 times
  • The average score is 4 of 5
Answer Stats
Picture Hint Answer % Correct
Romania
100%
Russia
91%
Rwanda
87%
Republic of the Congo
70%
Commonly called south ... Republic of Korea
35%
No matching quizzes found
Score Distribution
Percent of People with Each Score
Percentile by Number Answered
Your Score History
You have not taken this quiz